000 00660nam a2200229 a 4500
001 BRL_1629
005 20190320211310.0
008 150414s1944----mx-#######---#000-0#spa-#
041 _aspa
044 _amx
050 4 _aF1321
_b.I88 1944
100 1 _aIturribarria, Jorge Fernando
_927482
245 1 0 _aBreve historia de Oaxaca
_cpor Jorge Fernando Iturribarria.
260 _aMéxico
_bSEP
_c1944
300 _a91 p.
_c20 cm.
440 0 _aBiblioteca enciclopédica popular
_v21
_927483
500 _aAu1874
500 _aEstado físico: Pasta de enfrente desprendida
651 4 _aOaxaca (Estado)
_xHistoria
_927484
902 _aGRL
942 _2lcc
_cB
999 _c10438
_d10438